000 00348nam a22001577a 4500
003 OSt
008 231114b |||||||| |||| 00| 0 eng d
041 _aeng
082 _a828.09
_bTIL
100 _aTillyard, EMW
_95603
245 _aMilton
250 _aRev.
260 _aLondon:
_bChatto & Windus,
_c1966.
300 _a340pages.
942 _cBK
999 _c17814
_d17814